000 00468nam a2200181Ia 4500
001 19627
005 20260306172707.0
008 260306t2005||||xx |||||||||||||| ||spa||
041 _aESP
082 _a340.7
_bH41
100 _aHervada, Javier
_eAUT
245 0 _a¿Qué es el derecho?:
_bla moderna respuesta del realismo jurídico
260 _c2005
300 _axxviii, 124 páginas :
_c20 cm.
650 _aGEN
654 _aCDE
942 _cLIB
_dJUS
_fJUS
_2ddc
_n
999 _c19627
_d19627